HARRISON,S PRINCIPLES OF INTERNAL MEDICINE 2 VOLUNE SET (Record no. 23273)

MARC details
000 -LEADER
fixed length control field 00451nam a22001697a 4500
003 - CONTROL NUMBER IDENTIFIER
control field SGT
020 ## - INTERNATIONAL STANDARD BOOK NUMBER
International Standard Book Number 9781264285846
082 ## - DEWEY DECIMAL CLASSIFICATION NUMBER
Classification number 616.024
Item number H22L
100 ## - MAIN ENTRY--PERSONAL NAME
Personal name LASCALZO, JOSEPH
245 ## - TITLE STATEMENT
Title HARRISON,S PRINCIPLES OF INTERNAL MEDICINE 2 VOLUNE SET
250 ## - EDITION STATEMENT
Edition statement 21ST
260 ## - PUBLICATION, DISTRIBUTION, ETC. (IMPRINT)
Place of publication, distribution, etc NEW YORK
Name of publisher, distributor, etc MCGRAW HILL PUB
Year of Publication 2022
300 ## - PAGE DESCRIPTION
No. of Pages 1796 , 3855
650 ## - SUBJECT ADDED ENTRY--TOPICAL TERM
Topical term or geographic name as entry element GENERAL MEDICINE
653 ## - KEYWORDS--INDEX TERM
Keyword term HARRISON,S PRINCIPLES OF INTERNAL MEDICINE
942 ## - ADDED ENTRY ELEMENTS (KOHA)
Source of classification or shelving scheme Dewey Decimal Classification
Koha item type Books
Holdings
Withdrawn status Lost status Source of classification or shelving scheme Damaged status Not for loan Collection code Home library Current library Shelving location Date acquired Vendor Name Cost, normal purchase price Volume Information (Serial or Books or Non-Book Material) SGTU Bill Number Total Checkouts Full call number Accession No. (Barcode) Date last seen Bill Date Koha item type
    Dewey Decimal Classification   Not For Loan MEDICAL SGT Medical Library SGT Medical Library Reference Book 09/09/2022 ABC DELHI 13656.00 VOL-1 SGTU 14704   616.024 H22L FM13127 09/09/2022 30/06/2022 Books
    Dewey Decimal Classification   Not For Loan MEDICAL SGT Medical Library SGT Medical Library Reference Book 09/09/2022 ABC DELHI   VOL-2 SGTU 14704   616.024 H22L FM13128 09/09/2022 30/06/2022 Books